• 首页
  • 本馆介绍
  • 公告通知
  • 最新文献
  • 馆藏检索
  • 电子资源
  • 读者导购
  • 参考咨询
  • 我的图书馆
  • 登录
  • 详细信息显示
  • 放入我的书架
  • 预约/预借图书
  • 作者相关作品
  • 分类相关作品
  • 丛书相关作品
  • 出版社相关作品

书目信息

  • 表格格式
  • 工作单格式
  • 卡片格式
题名:
药用高分子材料
    
 
作者: 姚日生 主编 ;见玉娟 编写
分册:  
出版信息: 北京   化学工业出版社  2018
页数: 283页
开本: 26cm
丛书名:
单 册:
中图分类: TQ460.4 , TQ460.4
科图分类:
主题词: 高分子材料--gao fen zi cai liao--药剂--辅助材料--高等学校--教材
电子资源:
ISBN: 978-7-122-32430-6
000 01344nam0 2200313 450
001 012001000852
005 20191108084423.93
010    @a978-7-122-32430-6@dCNY46.00
099    @aCAL 012018130244
100    @a20180829d2018 em y0chiy50 ea
101 0  @achi
102    @aCN@b110000
105    @aak a 000yy
106    @ar
200 1  @a药用高分子材料@Ayao yong gao fen zi cai liao@f姚日生主编
205    @a第3版
210    @a北京@c化学工业出版社@d2018
215    @a283页@c图@d26cm
300    @a教育部精品教材 普通高等教育“十一五”国家级规划教材
314    @a书内题: 编写人员见玉娟等
320    @a有书目
330    @a本书通过高分子结构、性能阐述其在药物的生产加工与使用过程中的应用, 全书共七章, 包括: 绪论、高分子材料在性能、高分子材料在药物制剂中的应用原理、药用天然高分子材料、药用合成高分子、高分子药物、药品包装用高分子材料及其加工。本书第二版是普通高等教育“十一五”国家级规划教材, 并荣获教育部普通高等教育精品教材。第三版修订重点是增加纳米药物制剂、生物大分子药物和高分子前药研究成果及其相关理论, 另外还增加了工艺技术实例。
606 0  @a高分子材料@Agao fen zi cai liao@x药剂@x辅助材料@x高等学校@j教材
690    @aTQ460.4@v4
690    @aTQ460.4@v5
701  0 @a姚日生@Ayao ri sheng@4主编
702  0 @a见玉娟@Ajian yu juan@4编写
801  0 @aCN@b北京卓展文化@c20191020
905    @b1196963-6@dTQ460.4@e98=3@f4
    
    药用高分子材料/姚日生主编.-第3版.-北京:化学工业出版社,2018
    283页:图;26cm
    教育部精品教材 普通高等教育“十一五”国家级规划教材
    
    ISBN 978-7-122-32430-6:CNY46.00
    本书通过高分子结构、性能阐述其在药物的生产加工与使用过程中的应用, 全书共七章, 包括: 绪论、高分子材料在性能、高分子材料在药物制剂中的应用原理、药用天然高分子材料、药用合成高分子、高分子药物、药品包装用高分子材料及其加工。本书第二版是普通高等教育“十一五”国家级规划教材, 并荣获教育部普通高等教育精品教材。第三版修订重点是增加纳米药物制剂、生物大分子药物和高分子前药研究成果及其相关理论, 另外还增加了工艺技术实例。
●
相关链接 在E读中查询图书 在五车中查询图书 在当当中查询图书 在豆瓣中查询图书


正题名:药用高分子材料     索取号:TQ460.4/98=3         预约/预借

序号 登录号 条形码 馆藏地/架位号 状态 备注
1 1196963   211969636   第二样本阅览室/ [索取号:TQ460.4/98=3] 在馆    
2 1196964   211969645   第三借阅区/ [索取号:TQ460.4/98=3] 在馆    
3 1196965   211969654   第三借阅区/ [索取号:TQ460.4/98=3] 在馆    
4 1196966   211969663   第三借阅区/ [索取号:TQ460.4/98=3] 在馆    
唐山师范学院图书馆 欢迎您!
大连网信软件有限公司© 版权所有